000
00197 a2200097 4500
020
_a
9780545645379
041
_a
spa
100
_a
Cocca- leffler, Maryann
245
_a
Llego la Primavera
942
_c
BK
999
_c
9742
_d
9742